La participación de la Corte Suprema en el proceso de formación de las leyes en Chile

Gorde:
Xehetasun bibliografikoak
Egile nagusia: Zaror Miralles, Danielle
Formatua: Ezezaguna
Hizkuntza:ingelesa
Argitaratua: Santiago, Chile. Ediciones Der, 2021
Edizioa:Primera Edición
Saila:Ej. Ensayos jurídicos
Gaiak:
Etiketak: Etiketa erantsi
Etiketarik gabe, Izan zaitez lehena erregistro honi etiketa jartzen!

MARC

LEADER 00000 a2200000 4500
003 CL-VaPUC
005 20211206151642.0
008 211102b2021 ||||| |||| 00| 0 eng d
999 |c 433799  |d 433797 
020 |a 9789566126959 
040 |c Pontificia Universidad Católica de Valparaíso 
082 |a 347.035 ZAR 2021 
100 1 |a Zaror Miralles, Danielle   |9 863836 
245 |a La participación de la Corte Suprema en el proceso de formación de las leyes en Chile 
250 |a Primera Edición 
260 |a Santiago, Chile.   |b Ediciones Der,   |c 2021 
300 |a 356 páginas  
490 |a Ej. Ensayos jurídicos 
583 |k Cristina María Rojas Aguilar  |c 20211102 
610 0 |a Corte Suprema   |z Chile   |x Formación de leyes  |9 857198 
942 |2 ddc  |c BK 
952 |0 0  |1 0  |2 ddc  |4 0  |6 347_035000000000000_ZAR_2021  |7 0  |8 A  |9 579097  |a BIBDER  |b BIBDER  |d 2021-11-02  |e 22  |g 30000.00  |i 5589932  |l 1  |o 347.035 ZAR 2021  |p 5589932  |r 2023-03-15  |s 2023-03-15  |t 1  |v 30000.00  |w 2021-11-02  |y BK  |k DER